书目信息 |
| 题名: |
中日家族研究
|
|
| 作者: | 首藤明和 , 王向华 主编 | |
| 分册: | ||
| 出版信息: | 杭州 浙江大学出版社 2013.01 |
|
| 页数: | 456页 | |
| 开本: | 24cm | |
| 丛书名: | ||
| 单 册: | ||
| 中图分类: | C913.11 | |
| 科图分类: | ||
| 主题词: | ||
| 电子资源: | ||
| ISBN: | 978-7-308-12105-7 | |
| 000 | 00626nam0 2200181 450 | |
| 001 | 202410223928006597 | |
| 005 | 20241022092853.01 | |
| 010 | @a978-7-308-12105-7@d¥59.00 | |
| 100 | @a20241022d km y0chiy0120 ea | |
| 101 | 0 | @achi |
| 200 | 1 | @a中日家族研究@AZhong Ri Jia Zu Yan Jiu@f首藤明和,王向华主编@FShou Teng Ming He,Wang Xiang Hua Zhu Bian |
| 210 | @a杭州@c浙江大学出版社@d2013.01 | |
| 215 | @a456页@d24cm | |
| 690 | @aC913.11@v4 | |
| 701 | 0 | @a首藤明和@AShou Teng Ming He@4主编 |
| 701 | 0 | @a王向华@AWang Xiang Hua@4主编 |
| 801 | 0 | @aCN@b大连网信软件有限公司图书馆·11@c20241022 |
| 905 | @aZUCC@b7511346@dC913.11@e2107@f1 | |
| 中日家族研究/首藤明和,王向华主编.-杭州:浙江大学出版社,2013.01 |
| 456页;24cm |
| ISBN 978-7-308-12105-7:¥59.00 |
| ● |
| 相关链接 |
|
|
|
|
正题名:中日家族研究
索取号:C913.11/2107
 
预约/预借
| 序号 | 登录号 | 条形码 | 馆藏地/架位号 | 状态 | 备注 |
| 1 | 7511346 | 275113468 | 密集书库-史法系/ [索取号:C913.11/2107] | 在馆 |